Chrono-Logique: Films Star Wars - Statistiques

Statistiques générales
  • Ce quiz a été pris 92 812 fois
  • Le résultat moyen est 6 sur 11
Réponses sur la Carte
Les réponses sont colorées sur une échelle allant du rouge au vert en fonction du pourcentage des utilisateurs qui les ont devinées à leur premier essai. Vous pouvez retrouver ces pourcentages ci-dessous.
 
Statistiques - réponses
Réponse % Correct
La Menace fantôme
70%
L'Empire contre-attaque
67%
L'Attaque des clones
66%
La Revanche des Sith
65%
Le Retour du Jedi
64%
Un Nouvel Espoir
61%
Le Réveil de la Force
52%
L'Ascension de Skywalker
51%
Rogue One
48%
Solo
41%
Les Derniers Jedi
36%
Aucun quiz correspondant
Distribution des résultats
% des personnes avec chaque résultat
Percentile par nombre de réponses
Votre historique - résultats
Vous n’avez pas pris ce quiz